[Event "Charleville Mezieres op 14th"]
[Site "Charleville Mezieres"]
[Date "2017.12.26"]
[Round "6"]
[White "Picot, Nathan"]
[Black "Vielle, Eric"]
[Result "1-0"]
[WhiteElo "1203"]
[BlackElo "1250"]
[PlyCount "45"]
[EventDate "2017.12.26"]
[EventType "swiss"]
[EventRounds "7"]
[EventCountry "FRA"]
[SourceTitle "CBM 182 Extra"]
[Source "ChessBase"]
[SourceDate "2018.02.23"]
[SourceVersion "1"]
[SourceVersionDate "2018.02.23"]
[SourceQuality "1"]

1. d4 d5 2. c4 dxc4 3. a4 e6 4. e3 Nf6 5. Bxc4 Nc6 6. Nf3 b6 7. Bb5 Bb7 8. Ne5 Qe7 9. Bxc6+ Bxc6 10. Nxc6 Qd6 11. Ne5 Qb4+ 12. Nc3 Ne4 13. 0-0 Nxc3 14. bxc3 Qxc3 15. Bd2 Qb2 16. Qc1 Qb3 17. Qc6+ Ke7 18. Qxa8 Qc2 19. Bb4+ Kf6 20. Bxf8 Kf5 21. Qf3+ Kg5 22. Qg4+ Kf6 23. Nd7# 1-0